Vazhimariyozhukunna puzha / | വഴിമാറിയൊഴുകുന്ന പുഴ (Record no. 19515)
[ view plain ]
| 000 -LEADER | |
|---|---|
| fixed length control field | 00438nam a22001577a 4500 |
| 003 - CONTROL NUMBER IDENTIFIER | |
| control field | OSt |
| 008 - FIXED-LENGTH DATA ELEMENTS--GENERAL INFORMATION | |
| fixed length control field | 250903b |||||||| |||| 00| 0 eng d |
| 041 ## - LANGUAGE CODE | |
| Language code of text/sound track or separate title | mal |
| 082 ## - DEWEY DECIMAL CLASSIFICATION NUMBER | |
| Classification number | 894.8123 |
| Item number | SAD/VA |
| 100 ## - MAIN ENTRY--AUTHOR NAME | |
| Personal name | Sadasivan, G |
| 245 ## - TITLE STATEMENT | |
| Title | Vazhimariyozhukunna puzha / |
| Remainder of title | വഴിമാറിയൊഴുകുന്ന പുഴ |
| 260 ## - PUBLICATION, DISTRIBUTION, ETC. (IMPRINT) | |
| Place of publication | Kayamkulam : |
| Name of publisher | Sithara Books, |
| Year of publication | 2020. |
| 300 ## - PHYSICAL DESCRIPTION | |
| Number of Pages | 191 p. |
| 650 ## - SUBJECT ADDED ENTRY--TOPICAL TERM | |
| Topical Term | Novel |
| 942 ## - ADDED ENTRY ELEMENTS (KOHA) | |
| Koha item type | Books |
| Withdrawn status | Lost status | Damaged status | Home library | Current library | Date acquired | Source of acquisition | Cost, normal purchase price | Full call number | Accession Number | Koha item type |
|---|---|---|---|---|---|---|---|---|---|---|
| KAUAET | KAUAET | 03/09/2025 | Donated by KT Jaleel MLA | 240.00 | 894.8123 SAD/VA | 26311 | Books |
